Les plus gros transferts du football - Milieux défensifs - 2020-2021 - Statistiques

Statistiques générales
  • Ce quiz a été pris 23 fois
  • Le résultat moyen est 7 sur 10
Statistiques - réponses
Montant de transfert (M €) Nationalité Venant de Allant à Joueur % Correct
80,60 Brésil Barcelone Juventus Turin Arthur Melo
100%
28,20 Équateur Independiente Brighton Moisés Caicedo
96%
50,00 Ghana Atlético Madrid Arsenal Thomas Partey
96%
25,00 Allemagne Juventus Turin Borussia Dortmund Emre Can
91%
16,00 République centrafricaine / France FC Valencia Atlético Madrid Geoffrey Kondogbia
91%
24,60 Brésil Napoli FC Everton Allan
83%
16,60 Danemark Southamtpon Tottenham Pierre-Emile Højbjerg
83%
16,20 Tchéquie Slavia Prague West Ham United Tomas Soucek
74%
26,00 Italie Genoa Juventus Turin Nicolò Rovella
13%
15,00 Italie Udinese Juventus Turin Rolando Mandragora
13%
Aucun quiz correspondant
Distribution des résultats
% des personnes avec chaque résultat
Percentile par nombre de réponses
Votre historique - résultats
Vous n’avez pas pris ce quiz